Welcome to the Holygrace Academy Library

Please use search bar below to get started

HARRY POTTER AND THE DEATHLY HALLOWS (Record no. 8316)

MARC details
000 -LEADER
fixed length control field 00332nam a22001217a 4500
082 ## - DEWEY DECIMAL CLASSIFICATION NUMBER
Classification number 823
Item number ROW/H
100 ## - MAIN ENTRY--AUTHOR NAME
Personal name ROWLING j k
245 ## - TITLE STATEMENT
Title HARRY POTTER AND THE DEATHLY HALLOWS
246 ## - VARYING FORM OF TITLE
Title proper/short title HARRY POTTER AND THE DEATHLY HALLOWS
Remainder of title HARRY POTTER AND THE DEATHLY HALLOWS
260 ## - PUBLICATION, DISTRIBUTION, ETC. (IMPRINT)
Place of publication LONDON
Name of publisher BLOOMSBURY
Year of publication 2014
300 ## - PHYSICAL DESCRIPTION
Number of Pages 613
942 ## - ADDED ENTRY ELEMENTS (KOHA)
Koha item type Books
Holdings
Withdrawn status Lost status Collection code Home library Current library Shelving location Date acquired Source of acquisition Cost, normal purchase price Full call number Accession Number Koha item type
    Fiction Main Library Main Library SHELF-14-K- ALPHABETICAL- R --ENGLISH NOVELS & FICTIONS 25/01/2019 PURCHASED 699.00 823 ROW/H 10660 Books